Statistics for Avatar: The Last Airbender Characters by Episode Appearances

Click here to take the quiz!

General Stats

  • This quiz has been taken 2,755 times
    (2,750 since last reset)
  • The average score is 20 of 35

Answer Stats

EpisodesCharacter% Correct
60Aang
100%
60Katara
98%
48Zuko
98%
60Sokka
97%
38Iroh
94%
36Toph
94%
54Appa
93%
22Azula
91%
58Momo
90%
12Ozai
85%
14Mai
81%
11Suki
79%
11Ty Lee
78%
5Bumi
69%
9Roku
67%
5Jet
66%
9Zhao
52%
5Lo
50%
7Pakku
49%
10Hakoda
47%
5Yue
47%
6Long Feng
37%
5The Earth King
35%
5Smellerbee
33%
8Haru
32%
5Longshot
32%
5Li
30%
10The Duke
27%
5Gyatso
26%
6Pipsqueak
25%
6Bato
24%
5Bosco
15%
8Teo
14%
6Than
6%
5Ying
6%

Score Distribution

Percentile by Number Answered

Percent of People with Each Score

Your Score History

You have not taken this quiz since the last reset